| 000 | 00464nam a22001697a 4500 | ||
|---|---|---|---|
| 003 | BD-ChCU | ||
| 005 | 20260205115950.0 | ||
| 008 | 260205b bg ||||| |||| 00| 0 ben d | ||
| 040 | _cBD-ChCU | ||
| 082 | _a582.13 TAF | ||
| 100 |
_aTakhtajan, Armen. _920119 |
||
| 245 |
_aFlowering plants origin and dispersal. _cArmen Takhtajan. |
||
| 260 |
_aEdinburg. _bOliver & Boyd. _c1969 |
||
| 300 | _ax, 310p | ||
| 650 | 0 |
_aFlower Gardening. _920120 |
|
| 942 |
_2ddc _cBK _n0 |
||
| 999 |
_c111493 _d111493 |
||